[Event "Sofia-ch U26"]
[Site "Sofia"]
[Date "2013.11.06"]
[Round "1"]
[White "Kirov, Dimitar"]
[Black "Andreev, Martin"]
[Result "1-0"]
[WhiteElo "2120"]
[BlackElo "1759"]
[PlyCount "87"]
[EventDate "2013.11.06"]
[EventType "swiss"]
[EventRounds "7"]
[EventCountry "BUL"]
[SourceTitle "EXT 2015"]
[Source "ChessBase"]
[SourceDate "2014.11.20"]
[SourceVersion "1"]
[SourceVersionDate "2014.11.20"]
[SourceQuality "1"]

1. e4 e6 2. d4 d5 3. Nd2 Nf6 4. e5 Nfd7 5. f4 c5 6. c3 Nc6 7. Ngf3 Be7 8. Be2 0-0 9. 0-0 Qb6 10. Nb3 c4 11. Nbd2 f6 12. exf6 gxf6 13. Kh1 Qc7 14. Qe1 Bd6 15. Bd1 Nb6 16. g3 Bd7 17. Nh4 Rae8 18. Bh5 Re7 19. Qf2 Be8 20. Bd1 Nd7 21. Ndf3 Bh5 22. Bc2 e5 23. g4 Bxg4 24. Bf5 Bh5 25. fxe5 fxe5 26. Bh6 Rff7 27. Qg2+ Kh8 28. Rg1 Nf6 29. Ng5 Rg7 30. Qh3 exd4 31. Bxg7+ Rxg7 32. Ne6 Rxg1+ 33. Rxg1 Qf7 34. Rg7 Qe8 35. Ng6+ hxg6 36. Bxg6 Qxe6 37. Qxe6 Bf3+ 38. Kg1 Kxg7 39. Qf7+ Kh6 40. Qxf6 Ne5 41. Be4+ Kh5 42. Bxf3+ Nxf3+ 43. Qxf3+ Kg5 44. Qxd5+ 1-0

[Event "BUL-ch U26"]
[Site "Sofia"]
[Date "2011.11.06"]
[Round "7"]
[White "Stoyanov, Stefan"]
[Black "Kirov, Dimitar"]
[Result "0-1"]
[WhiteElo "1821"]
[BlackElo "2105"]
[PlyCount "68"]
[EventDate "2011.11.02"]
[EventType "swiss"]
[EventRounds "7"]
[EventCountry "BUL"]
[SourceTitle "EXT 2012"]
[Source "ChessBase"]
[SourceDate "2011.11.24"]
[SourceVersion "1"]
[SourceVersionDate "2011.11.24"]
[SourceQuality "1"]

1. Nf3 Nf6 2. g3 d5 3. Bg2 c5 4. d3 Nc6 5. 0-0 e6 6. Na3 Be7 7. c4 0-0 8. Rb1 Re8 9. Bd2 Bf8 10. cxd5 exd5 11. Nc2 a5 12. d4 b6 13. Bg5 Bf5 14. Rc1 Bxc2 15. Rxc2 Nb4 16. Rd2 Nxa2 17. dxc5 Bxc5 18. e4 h6 19. Bxf6 Qxf6 20. e5 Qe7 21. Rxd5 Rad8 22. e6 Rxd5 23. Qxd5 Qxe6 24. Rd1 Qxd5 25. Rxd5 Re2 26. Rd2 Bxf2+ 27. Kf1 Rxd2 28. Nxd2 Bd4 29. b3 b5 30. Bc6 Nc3 31. Ne4 Nxe4 32. Bxe4 a4 33. bxa4 bxa4 34. Bd5 Kf8 0-1

[Event "Teteven op 26th"]
[Site "Teteven"]
[Date "2011.08.14"]
[Round "2"]
[White "Kirov, Dimitar"]
[Black "Nikolov, Rumen"]
[Result "1-0"]
[WhiteElo "2123"]
[BlackElo "1819"]
[PlyCount "59"]
[EventDate "2011.08.13"]
[EventType "swiss"]
[EventRounds "9"]
[EventCountry "BUL"]
[SourceTitle "CBM 143 Extra"]
[Source "ChessBase"]
[SourceDate "2011.08.29"]
[SourceVersion "1"]
[SourceVersionDate "2011.08.29"]
[SourceQuality "1"]

1. e4 g6 2. d4 Bg7 3. Nc3 c5 4. Nf3 cxd4 5. Nxd4 Nc6 6. Be3 Nf6 7. Bc4 0-0 8. Bb3 d6 9. h3 Bd7 10. 0-0 Nxd4 11. Bxd4 Bc6 12. Re1 a6 13. Nd5 Bxd5 14. exd5 Rc8 15. c3 Re8 16. Qd2 b5 17. a4 Ra8 18. Qd3 Qd7 19. Ra2 Qb7 20. axb5 axb5 21. Rea1 Nxd5 22. Qf3 Rxa2 23. Rxa2 Bxd4 24. Bxd5 Bxf2+ 25. Kh2 Qb8 26. Qxf7+ Kh8 27. Ra8 Bg1+ 28. Kh1 Qxa8 29. Bxa8 Rxa8 30. Kxg1 1-0

[Event "BUL-ch U26"]
[Site "Sofia"]
[Date "2010.11.06"]
[Round "4"]
[White "Kirov, Dimitar"]
[Black "Yanev, Tihomir"]
[Result "0-1"]
[WhiteElo "2118"]
[BlackElo "2334"]
[PlyCount "96"]
[EventDate "2010.11.03"]
[EventType "swiss"]
[EventRounds "7"]
[EventCountry "BUL"]
[SourceTitle "EXT 2011"]
[Source "ChessBase"]
[SourceDate "2010.11.26"]
[SourceVersion "1"]
[SourceVersionDate "2010.11.26"]
[SourceQuality "1"]

1. e4 Nf6 2. Nc3 e5 3. g3 d5 4. exd5 Nxd5 5. Bg2 Nxc3 6. bxc3 Bd6 7. Nf3 0-0 8. 0-0 Nc6 9. Rb1 Rb8 10. d4 h6 11. Re1 exd4 12. cxd4 Bf5 13. d5 Na5 14. Bb2 Re8 15. Qd4 Bf8 16. Ne5 c5 17. Qf4 Qg5 18. Qa4 Qd2 19. Rbd1 Qb4 20. Qxb4 cxb4 21. d6 Bxd6 22. f4 Rbd8 23. h3 Bc5+ 24. Kh2 Bxc2 25. Rxd8 Rxd8 26. Re2 Bd1 27. Re1 b3 28. axb3 Bxb3 29. Bc3 b6 30. f5 Re8 31. Rb1 Bc2 32. Rf1 f6 33. Nd7 Bd6 34. Bxf6 Re2 35. Bd4 Be4 36. Rf2 Rxf2 37. Bxf2 Bxf5 38. Bd5+ Kh8 39. Nxb6 axb6 40. Bxb6 Bb4 41. g4 Bd7 42. Kg3 Nc6 43. Bc7 g5 44. Bc4 Bc3 45. Bb6 Ne5 46. Bd5 Bc6 47. Be6 Nd3 48. Bf5 Be5# 0-1

[Event "BUL-ch Students"]
[Site "Sofia"]
[Date "2009.11.08"]
[Round "7"]
[White "Kirov, Dimitar"]
[Black "Raev, Rostislav"]
[Result "1-0"]
[WhiteElo "2096"]
[BlackElo "2277"]
[PlyCount "113"]
[EventDate "2009.11.04"]
[EventType "swiss"]
[EventRounds "7"]
[EventCountry "BUL"]
[SourceTitle "EXT 2010"]
[Source "ChessBase"]
[SourceDate "2010.11.25"]
[SourceVersion "1"]
[SourceVersionDate "2010.11.25"]
[SourceQuality "1"]

1. e4 c5 2. Nf3 Nc6 3. d4 cxd4 4. Nxd4 g6 5. Nc3 Bg7 6. Be3 Nf6 7. Bc4 Qa5 8. 0-0 0-0 9. Bb3 d6 10. h3 Bd7 11. Re1 Rac8 12. Nd5 Nxd5 13. exd5 Ne5 14. Qe2 Qc7 15. Bg5 Rfe8 16. Rad1 h6 17. Bc1 Qc5 18. c3 b5 19. Be3 Qc7 20. Nxb5 Bxb5 21. Qxb5 Nc4 22. Bc1 Kf8 23. Re4 Nb6 24. h4 Rb8 25. Qe2 Qd7 26. Be3 a5 27. Qd2 a4 28. Bc2 a3 29. b3 h5 30. Bh6 Qc7 31. Qd4 f6 32. Bxg7+ Kxg7 33. Re6 Rg8 34. Rde1 Rbe8 35. R1e3 Kf7 36. Bd3 Nd7 37. Bb5 Ne5 38. Bxe8+ Rxe8 39. c4 Qa5 40. Qc3 Qc5 41. b4 Qxc4 42. Qxc4 Nxc4 43. Rc3 Nb6 44. Rxa3 Nxd5 45. Re4 e5 46. b5 Rb8 47. Rb3 Nb6 48. a4 Ra8 49. Rc3 Ke6 50. Rc6 Nd7 51. Rb4 Nc5 52. b6 Rb8 53. a5 Na6 54. Rbc4 Kd7 55. Rc7+ Ke6 56. Rg7 Nc5 57. b7 1-0

[Event "BUL-ch U20"]
[Site "Sofia"]
[Date "2009.03.11"]
[Round "4"]
[White "Nikolov, Rumen"]
[Black "Kirov, Dimitar"]
[Result "1/2-1/2"]
[WhiteElo "1815"]
[BlackElo "2116"]
[PlyCount "124"]
[EventDate "2009.03.09"]
[EventType "swiss"]
[EventRounds "9"]
[EventCountry "BUL"]
[SourceTitle "CBM 129 Extra"]
[Source "ChessBase"]
[SourceDate "2009.05.05"]
[SourceVersion "2"]
[SourceVersionDate "2009.05.20"]
[SourceQuality "1"]

1. e4 c5 2. Nf3 Nc6 3. d4 cxd4 4. c3 Nf6 5. e5 Nd5 6. Bc4 Nb6 7. Bb3 d6 8. e6 Bxe6 9. Bxe6 fxe6 10. cxd4 Nd5 11. Nc3 Nf6 12. Ng5 Qd7 13. 0-0 g6 14. Re1 Nd8 15. Qb3 d5 16. Bf4 Nh5 17. Be5 Bg7 18. Nb5 Bxe5 19. Rxe5 0-0 20. Rae1 a6 21. Nc3 Nf4 22. Ne2 Qb5 23. Qa3 Nc6 24. Nxf4 Nxe5 25. Nfxe6 Nc6 26. Nxf8 Rxf8 27. Qh3 h5 28. Qe6+ Kg7 29. h4 Qxb2 30. Qe3 Rf6 31. Re2 Qb1+ 32. Kh2 Qf5 33. g3 Kg8 34. Ne6 Qe4 35. Qh6 Qxe6 36. Rxe6 Rxe6 37. Qd2 Rf6 38. Kg2 Kg7 39. Qb2 b5 40. Qa3 a5 41. Qc5 b4 42. Qxd5 Rd6 43. Qc5 Nxd4 44. Qxa5 Nc6 45. Qc5 Rf6 46. Qg5 Kh7 47. Qd2 Rd6 48. Qb2 Rf6 49. f3 Kg8 50. g4 hxg4 51. fxg4 Kh7 52. g5 Rd6 53. Kh2 Rd4 54. Qf2 Kg7 55. Qe1 Rd6 56. Qe2 Rd4 57. Kg3 Rd6 58. Qe4 Kh8 59. Kh3 Kg7 60. Qc4 Kf8 61. Kg3 Kg7 62. Qe4 Kh8 1/2-1/2

[Event "BUL-ch U26"]
[Site "Sofia"]
[Date "2008.11.05"]
[Round "3"]
[White "Videnova, Iva"]
[Black "Kirov, Dimitar"]
[Result "0-1"]
[WhiteElo "2182"]
[BlackElo "2111"]
[PlyCount "80"]
[EventDate "2008.11.03"]
[EventType "swiss"]
[EventRounds "7"]
[EventCountry "BUL"]
[SourceTitle "EXT 2009"]
[Source "ChessBase"]
[SourceDate "2008.11.26"]
[SourceVersion "1"]
[SourceVersionDate "2008.11.26"]
[SourceQuality "1"]

1. e4 c5 2. Nf3 Nc6 3. d4 cxd4 4. Nxd4 Nf6 5. Nc3 e5 6. Ndb5 d6 7. Bg5 a6 8. Na3 b5 9. Nd5 Be7 10. Bxf6 Bxf6 11. c4 b4 12. Nc2 Rb8 13. b3 0-0 14. g3 Bg5 15. h4 Bh6 16. Bh3 Be6 17. Kf1 Kh8 18. Kg2 a5 19. Qd3 Ne7 20. Nce3 Bxe3 21. Nxe3 Nc6 22. Rad1 Nd4 23. Nc2 Nxc2 24. Qxc2 Qe7 25. Rd3 Bxh3+ 26. Kxh3 f5 27. exf5 Rxf5 28. Rhd1 Rbf8 29. R1d2 g5 30. Rxd6 gxh4 31. Rd7 Qg5 32. Rxh7+ Kxh7 33. g4 Qf4 34. gxf5 Rg8 35. f6+ Kh8 36. Qd1 Rg3+ 37. Kh2 Rd3+ 38. Kh1 Rh3+ 39. Kg2 Qh2+ 40. Kf1 Qh1+ 0-1

[Event "Kesarovski Georgiev Memorial 7th"]
[Site "Sunny Beach"]
[Date "2008.09.14"]
[Round "9"]
[White "Kirov, Dimitar"]
[Black "Vyskocil, Neklan"]
[Result "0-1"]
[WhiteElo "2097"]
[BlackElo "2340"]
[PlyCount "54"]
[EventDate "2008.09.08"]
[EventType "swiss"]
[EventRounds "9"]
[EventCountry "BUL"]
[SourceTitle "CBM 126 Extra"]
[Source "ChessBase"]
[SourceDate "2008.11.05"]
[SourceVersion "1"]
[SourceVersionDate "2008.11.05"]
[SourceQuality "1"]

1. e4 c5 2. Nf3 d6 3. d4 cxd4 4. Nxd4 Nf6 5. Nc3 Nc6 6. Be2 e6 7. Be3 Be7 8. 0-0 0-0 9. f4 a6 10. Kh1 Qc7 11. Qe1 Bd7 12. Qg3 Kh8 13. Rae1 b5 14. Bd3 b4 15. e5 dxe5 16. Nxc6 Bxc6 17. fxe5 bxc3 18. Rxf6 Bxf6 19. Qh3 g6 20. exf6 cxb2 21. Bh6 Rg8 22. c3 Rgd8 23. Qe3 Qd6 24. Bc2 Qd5 25. Qf2 Qxa2 26. Rf1 Rd7 27. h4 b1Q 0-1

[Event "Kesarovski Georgiev Memorial 7th"]
[Site "Sunny Beach"]
[Date "2008.09.11"]
[Round "5"]
[White "Dinev, Dejan"]
[Black "Kirov, Dimitar"]
[Result "1-0"]
[WhiteElo "2312"]
[BlackElo "2097"]
[PlyCount "49"]
[EventDate "2008.09.08"]
[EventType "swiss"]
[EventRounds "9"]
[EventCountry "BUL"]
[SourceTitle "CBM 126 Extra"]
[Source "ChessBase"]
[SourceDate "2008.11.05"]
[SourceVersion "1"]
[SourceVersionDate "2008.11.05"]
[SourceQuality "1"]

1. d4 d5 2. Nf3 Nf6 3. e3 e6 4. Bd3 c5 5. 0-0 Nc6 6. b3 Be7 7. Bb2 0-0 8. Nbd2 Qc7 9. a3 cxd4 10. exd4 a6 11. Qe2 b5 12. Rae1 Nd7 13. Ne5 Ncxe5 14. dxe5 Nc5 15. f4 f5 16. exf6 Bxf6 17. Bxf6 Rxf6 18. Qe3 Nxd3 19. cxd3 Qd6 20. b4 Bb7 21. Qd4 Rf7 22. Ne4 Qe7 23. Nc5 Rf6 24. f5 Bc8 25. fxe6 1-0

[Event "Kesarovski Georgiev Memorial 7th"]
[Site "Sunny Beach"]
[Date "2008.09.10"]
[Round "4"]
[White "Kirov, Dimitar"]
[Black "Kulovana, Eva"]
[Result "1/2-1/2"]
[WhiteElo "2097"]
[BlackElo "2302"]
[PlyCount "48"]
[EventDate "2008.09.08"]
[EventType "swiss"]
[EventRounds "9"]
[EventCountry "BUL"]
[SourceTitle "CBM 126 Extra"]
[Source "ChessBase"]
[SourceDate "2008.11.05"]
[SourceVersion "1"]
[SourceVersionDate "2008.11.05"]
[SourceQuality "1"]

1. e4 e5 2. Nf3 Nc6 3. Bb5 a6 4. Ba4 b5 5. Bb3 Na5 6. 0-0 d6 7. d4 exd4 8. Qxd4 Bb7 9. Bg5 Nf6 10. Bxf6 Qxf6 11. Qxf6 gxf6 12. Nc3 Nxb3 13. axb3 0-0-0 14. Nd4 c6 15. Rfd1 b4 16. Nce2 c5 17. Nf3 Bxe4 18. Rxa6 Bxc2 19. Ra8+ Kc7 20. Ra7+ Kc8 21. Rda1 Bxb3 22. Ra8+ Kd7 23. R8a7+ Kc8 24. Ra8+ Kd7 1/2-1/2

[Event "Kesarovski Georgiev Memorial 7th"]
[Site "Sunny Beach"]
[Date "2008.09.08"]
[Round "1"]
[White "Kirov, Dimitar"]
[Black "Nikolov, Radoslav"]
[Result "1-0"]
[WhiteElo "2097"]
[BlackElo "2143"]
[PlyCount "67"]
[EventDate "2008.09.08"]
[EventType "swiss"]
[EventRounds "9"]
[EventCountry "BUL"]
[SourceTitle "CBM 126 Extra"]
[Source "ChessBase"]
[SourceDate "2008.11.05"]
[SourceVersion "1"]
[SourceVersionDate "2008.11.05"]
[SourceQuality "1"]

1. e4 e5 2. Nc3 Nf6 3. g3 Nc6 4. Bg2 Be7 5. Nge2 0-0 6. 0-0 d6 7. h3 Be6 8. f4 exf4 9. gxf4 Qd7 10. Kh2 g6 11. Ng3 Kh8 12. a3 Rg8 13. d4 Bc4 14. Rf2 Bf8 15. d5 Ne7 16. Qd4 Bg7 17. Qxc4 Nh5 18. Nce2 b5 19. Qd3 Nxg3 20. Nxg3 f5 21. Be3 a6 22. Bd4 fxe4 23. Bxe4 h6 24. f5 gxf5 25. Nxf5 Nxf5 26. Bxf5 Qe7 27. Qe3 Qxe3 28. Bxe3 Bxb2 29. Raf1 Be5+ 30. Bf4 Rg7 31. Bxe5 dxe5 32. Be6 Rg6 33. Rf8+ Rxf8 34. Rxf8+ 1-0

[Event "Teteven op 23rd"]
[Site "Teteven"]
[Date "2008.08.20"]
[Round "6"]
[White "Kirov, Dimitar"]
[Black "Vlashki, Nino"]
[Result "0-1"]
[WhiteElo "2097"]
[BlackElo "2226"]
[PlyCount "74"]
[EventDate "2008.08.16"]
[EventType "swiss"]
[EventRounds "9"]
[EventCountry "BUL"]
[SourceTitle "CBM 126 Extra"]
[Source "ChessBase"]
[SourceDate "2008.11.05"]
[SourceVersion "1"]
[SourceVersionDate "2008.11.05"]
[SourceQuality "1"]

1. e4 e5 2. Nf3 Nc6 3. Bb5 a6 4. Ba4 Nf6 5. d3 b5 6. Bb3 Be7 7. Nbd2 0-0 8. Nf1 d5 9. Qe2 Bg4 10. c3 dxe4 11. dxe4 Na5 12. Bc2 Re8 13. Ne3 Bh5 14. Nf5 Bf8 15. h3 Nd7 16. g4 Bg6 17. N3h4 c5 18. Nxg6 hxg6 19. Ne3 c4 20. h4 Be7 21. g5 Nb6 22. Bd2 Nb7 23. h5 Bxg5 24. hxg6 fxg6 25. 0-0-0 Nc5 26. Nd5 Nxd5 27. exd5 e4 28. Rdg1 Nd3+ 29. Bxd3 exd3 30. Qf3 Bxd2+ 31. Kxd2 Rf8 32. Qh3 Rf6 33. Rg3 Qxd5 34. f4 Re8 35. Rg2 Rfe6 36. Qh7+ Kf7 37. f5 Qxg2+ 0-1

[Event "Kesarovski Georgiev Memorial 6th"]
[Site "Sunny Beach"]
[Date "2007.09.18"]
[Round "9"]
[White "Vospernik, Andrej"]
[Black "Kirov, Dimitar"]
[Result "1-0"]
[WhiteElo "2199"]
[BlackElo "2121"]
[PlyCount "161"]
[EventDate "2007.09.10"]
[EventType "swiss"]
[EventRounds "9"]
[EventCountry "BUL"]
[SourceTitle "CBM 120 Extra"]
[Source "ChessBase"]
[SourceDate "2007.11.01"]
[SourceVersion "1"]
[SourceVersionDate "2007.11.01"]
[SourceQuality "1"]

1. e4 c5 2. d4 cxd4 3. Nf3 Nc6 4. c3 Nf6 5. e5 Nd5 6. cxd4 d6 7. Bc4 Nb6 8. Bb5 dxe5 9. Nxe5 Bd7 10. Nxd7 Qxd7 11. Be3 e6 12. Nc3 Be7 13. Qg4 Bf6 14. Ne4 Nd5 15. Rc1 Rc8 16. 0-0 0-0 17. Rc5 Bd8 18. Nc3 Nf6 19. Qh3 a6 20. Bd3 Nb4 21. Bxh7+ Nxh7 22. Rh5 f5 23. Rxh7 Qe8 24. Bf4 Bc7 25. Bg5 Qg6 26. Rh5 Rfe8 27. Ne2 Nd5 28. Bd2 f4 29. Rc1 Rf8 30. Rh4 f3 31. Rh8+ Kf7 32. Qxf3+ Ke7 33. Rxf8 Rxf8 34. Rxc7+ Nxc7 35. Qxb7 Kd7 36. g3 Qc2 37. Bf4 Qc6 38. Qb4 Rc8 39. Nc3 Nd5 40. Nxd5 Qxd5 41. Qa4+ Ke7 42. Qxa6 Ra8 43. Qb6 Rxa2 44. Qc5+ Kd7 45. Qxd5+ exd5 46. h4 g6 47. Kg2 Rxb2 48. g4 Ke6 49. Be5 Rb3 50. f3 Rb2+ 51. Kg3 Kf7 52. Kf4 Rb3 53. Bd6 Kf6 54. Bc7 Rd3 55. Bd8+ Kf7 56. Bb6 Rb3 57. Bc7 Rd3 58. Be5 Rb3 59. h5 gxh5 60. gxh5 Rd3 61. Kg4 Rd1 62. h6 Kg6 63. h7 Kxh7 64. Kf5 Re1 65. Ke6 Kg6 66. f4 Rf1 67. Kxd5 Kf5 68. Kc6 Ke6 69. d5+ Ke7 70. Bd6+ Kd8 71. Bc7+ Ke8 72. Be5 Ke7 73. Kc5 Kd7 74. Kd4 Ke7 75. Ke4 Rd1 76. d6+ Ke6 77. f5+ Kf7 78. Bd4 Re1+ 79. Kd5 Rd1 80. f6 Rc1 81. d7 1-0

[Event "BUL-chT U18"]
[Site "Razgrad"]
[Date "2006.11.09"]
[Round "2.1"]
[White "Kolev, Vasil"]
[Black "Kirov, Dimitar"]
[Result "1-0"]
[WhiteElo "1993"]
[BlackElo "2123"]
[PlyCount "50"]
[EventDate "2006.11.08"]
[EventType "team"]
[EventRounds "7"]
[EventCountry "BUL"]
[SourceTitle "CBM 115 Extra"]
[Source "ChessBase"]
[SourceDate "2007.01.10"]
[SourceVersion "1"]
[SourceVersionDate "2007.01.10"]
[SourceQuality "1"]

1. c4 e5 2. d3 Nf6 3. Nf3 Nc6 4. Nc3 d6 5. g3 Bg4 6. Bg2 Qd7 7. h3 Be6 8. Ng5 Bf5 9. e4 Bg6 10. f4 exf4 11. gxf4 Be7 12. Be3 h6 13. Nf3 Nh5 14. f5 Bh7 15. Nd5 Nf6 16. Nxe7 Qxe7 17. Qd2 Ne5 18. 0-0-0 Nfd7 19. h4 a5 20. h5 Bg8 21. Rhg1 f6 22. Nd4 Bf7 23. Rh1 Nc5 24. Bf1 Kd7 25. Be2 Rhb8 1-0

[Event "Kesarovski Georgiev Memorial 5th"]
[Site "Sunny Beach"]
[Date "2006.09.10"]
[Round "9.17"]
[White "Kirov, Dimitar"]
[Black "Orev, Petar"]
[Result "1-0"]
[WhiteElo "2133"]
[BlackElo "2249"]
[PlyCount "85"]
[EventDate "2006.09.02"]
[EventType "swiss"]
[EventRounds "9"]
[EventCountry "BUL"]
[SourceTitle "CBM 114 Extra"]
[Source "ChessBase"]
[SourceDate "2006.11.03"]
[SourceVersion "1"]
[SourceVersionDate "2006.11.03"]
[SourceQuality "1"]

1. e4 Nc6 2. Nc3 e5 3. g3 Nf6 4. Bg2 Bb4 5. Nge2 d6 6. 0-0 Be6 7. d4 Bc4 8. Nd5 Bxe2 9. Qxe2 Nxd4 10. Qc4 Bc5 11. c3 Nc6 12. b4 Bb6 13. Bg5 h6 14. Bxf6 gxf6 15. a4 a6 16. a5 Ba7 17. b5 axb5 18. Qxb5 Qc8 19. a6 Rb8 20. Rab1 Bb6 21. Nxf6+ Kd8 22. axb7 Qxb7 23. Kh1 Ke7 24. Nd5+ Kf8 25. f4 Kg7 26. Qe2 h5 27. Qd2 Qc8 28. fxe5 Nxe5 29. Qg5+ Kf8 30. Qe7+ Kg8 31. Qf6 Qe6 32. Qg5+ Kf8 33. Rf5 h4 34. Rbf1 hxg3 35. Qxg3 c6 36. Nf4 Qh6 37. Rxe5 dxe5 38. Ng6+ Kg7 39. Nxe5+ Kf8 40. Ng6+ Kg7 41. Nxh8+ Kh7 42. Rxf7+ Kxh8 43. Qxb8+ 1-0